Top 101 beliebtesten Vornamen der 1900er - Statistiken

Allgemein
  • Dieses Quiz wurde 28 mal gespielt
    15 seit der letzten Aktualisierung
  • Das Durchschnittsergebnis liegt bei 57 aus 101
Antwortstatistiken
📍 Vorname % Korrekt
An.a ♀️ Anna
100%
A.o.f ♂️ Adolf
92%
A.f..d ♂️ Alfred
85%
B.u.o ♂️ Bruno
85%
C.a.a ♀️ Clara
85%
Do.a ♀️ Dora
85%
El.s.b..h ♀️ Elisabeth
85%
El.i ♀️ Elli
85%
An.i ♀️ Anni
77%
B.r.h..d ♂️ Bernhard
77%
Be.t.a ♀️ Bertha
77%
D.r.s ♀️ Doris
77%
D.r.t.y ♀️ Dorothy
77%
El.a ♀️ Elsa
77%
E.w.n ♂️ Erwin
77%
G.o.g ♂️ Georg
77%
He.m..n ♂️ Hermann
77%
A.b..t ♂️ Albert
69%
Al.a ♀️ Alma
69%
C.a.l.t.e ♀️ Charlotte
69%
El.a ♀️ Ella
69%
El.e ♀️ Else
69%
Em.a ♀️ Emma
69%
Em.i ♀️ Emmi
69%
Er.a ♀️ Erna
69%
Gu.t.v ♂️ Gustav
69%
Ha.s ♂️ Hans
69%
H.i.z ♂️ Heinz
69%
Hi.d.g..d ♀️ Hildegard
69%
Ka.l ♂️ Karl
69%
D.r.t..a ♀️ Dorothea
62%
E.i.h ♀️ Edith
62%
E.f.i..e ♀️ Elfriede
62%
Em.l ♂️ Emil
62%
E.i.h ♂️ Erich
62%
F.a.z ♂️ Franz
62%
Fr.d.r..k ♂️ Frederick
62%
F.i.z ♂️ Fritz
62%
He.m.t ♂️ Helmut
62%
H.n.y ♂️ Henry
62%
He.b..t ♂️ Herbert
62%
I.a ♀️ Ida
62%
Il.e ♀️ Ilse
62%
Jo.n ♂️ John
62%
J.s.f ♂️ Josef
62%
M.r.a ♀️ Maria
62%
Ot.o ♂️ Otto
62%
Pa.l ♂️ Paul
62%
Wi.h..m ♂️ Wilhelm
62%
W.l.i ♂️ Willi
62%
A.g..t ♂️ August
54%
C.a.l.s ♂️ Charles
54%
E.i.a ♀️ Erika
54%
F.i.d.i.h ♂️ Friedrich
54%
Ge.d ♂️ Gerd
54%
Ge.h..d ♂️ Gerhard
54%
Ge.t..d ♀️ Gertrud
54%
G.e.e ♀️ Grete
54%
Lu.w.g ♂️ Ludwig
54%
P.t.r ♂️ Peter
54%
A.t..r ♂️ Arthur
46%
A.g.s.e ♀️ Auguste
46%
E.i.e ♀️ Elise
46%
E.n.t ♂️ Ernst
46%
Fr.e.a ♀️ Frieda
46%
He.w.g ♀️ Hedwig
46%
H.i.r..h ♂️ Heinrich
46%
H.l..e ♀️ Helene
46%
He.t.a ♀️ Hertha
46%
Ir.g..d ♀️ Irmgard
46%
J.h..n ♂️ Johann
46%
J.h.n.a ♀️ Johanna
46%
J.h.n..s ♂️ Johannes
46%
K.t..r..a ♀️ Katharina
46%
Ma.g.r..e ♀️ Margarete
46%
M.r.e ♀️ Marie
46%
Ma.y ♀️ Mary
46%
M.x ♂️ Max
46%
P.u.a ♀️ Paula
46%
Th.m.s ♂️ Thomas
46%
Wa.t.r ♂️ Walter
46%
Wi.h..m..e ♀️ Wilhelmine
46%
W.l.i.m ♂️ William
46%
A.i.e ♀️ Alice
38%
J.m.s ♂️ James
38%
K.t.e ♀️ Käthe
38%
Ku.t ♂️ Kurt
38%
L.i.e ♀️ Luise
38%
Ma.t.a ♀️ Martha
38%
M.n.a ♀️ Minna
38%
Ol.a ♀️ Olga
38%
R.b..t ♂️ Robert
38%
R.d..f ♂️ Rudolf
38%
We.n.r ♂️ Werner
38%
E.s.e ♀️ Elsie
31%
E.n..t ♂️ Ernest
31%
Ir.a ♀️ Irma
31%
Le.i ♀️ Leni
31%
R.c.a.d ♂️ Richard
31%
Me.a ♀️ Meta
23%
Fl.r.n.e ♀️ Florence
8%
Keine übereinstimmenden Quizze gefunden
Verteilung der Resultate
Anzahl Personen mit jedem Resultat
Perzentil nach korrekt beantworteten Fragen
Ihre Resultats-Entwicklung
Sie haben dieses Quiz seit der letzten Aktualisierung nicht gespielt